Plus grandes communes vaudoises - Statistiques

Statistiques générales
  • Ce quiz a été pris 42 fois
  • Le résultat moyen est 7 sur 10
Statistiques - réponses
Habitants Réponses % Correct
144 873 Lausanne
100%
26 955 Montreux
84%
17 701 Morges
81%
23 351 Nyon
81%
30 292 Yverdon-les-bains
81%
20 142 Vevey
78%
21 541 Renens
75%
19 538 Pully
66%
13 364 Écublens
41%
13 987 Gland
34%
Aucun quiz correspondant
Distribution des résultats
% des personnes avec chaque résultat
Percentile par nombre de réponses
Votre historique - résultats
Vous n’avez pas pris ce quiz